Zvyšovanie energetickej efektivity v technológii blockchain

Gespeichert in:
Bibliographische Detailangaben
1. Verfasser: Lengyel, Gergely (Verfasst von)
Weitere Verfasser: Macko, Dominik (Betreuung Doktorarbeit)
Format: Manuskript Buch
Sprache:Slowakisch
Englisch
Veröffentlicht: 2022
Schlagworte:
Online-Zugang:http://is.stuba.sk/zp/portal_zp.pl?podrobnosti=163867
Tags: Tag hinzufügen
Keine Tags, Fügen Sie das erste Tag hinzu!

MARC

LEADER 00000ntm a22000003a 4500
001 stuzp90781
003 SK-STU
005 20220618212407.1
007 ta
008 150427s2015----xo-----f-mn---000-0-slo-d
040 |a STU  |b slo 
041 0 |a eng 
100 1 |a Lengyel, Gergely  |u 070400  |4 aut  |U FIIT Fakulta informatiky a informačných technológií  |T FIIT Ústav počítačového inžinierstva a aplikovanej informatiky  |X 92079  |U I400  |Y 672  |7 92079 
242 0 1 |a Zvyšovanie energetickej efektivity v technológii blockchain  |y slo 
245 1 0 |a Zvyšovanie energetickej efektivity v technológii blockchain 
260 |c 2022 
650 4 |a IoT  |2 slo 
650 4 |a spotreba energie  |2 slo 
650 4 |a blockchain  |2 slo 
650 4 |a blockchain  |2 eng 
650 4 |a IoT  |2 eng 
650 4 |a power usage  |2 eng 
700 1 |a Macko, Dominik  |u 070400  |k Z1  |4 ths  |U FIIT Fakulta informatiky a informačných technológií  |T FIIT Ústav počítačového inžinierstva a aplikovanej informatiky  |X 35524  |U I400  |Y 672  |7 35524 
856 4 |u http://is.stuba.sk/zp/portal_zp.pl?podrobnosti=163867